[Event "c14"]
[Site "?"]
[Date "2016.05.07"]
[Round "9.16"]
[White "Kawaler, Adam"]
[Black "Radecki, Adam"]
[Result "1-0"]
[BlackElo "1667"]
[WhiteElo "1764"]
[LiveChessVersion "1.4.7"]

1. e4 {[%clk 1:30:45]} c5 {[%clk 1:30:31]} 2. Nc3 {[%clk 1:30:55]} g6
{[%clk 1:30:19]} 3. f4 {[%clk 1:30:26]} Bg7 {[%clk 1:28:54]} 4. Nf3
{[%clk 1:30:45]} d6 {[%clk 1:28:12]} 5. Bc4 {[%clk 1:30:11]} Nc6 {[%clk 1:26:38]}
6. O-O {[%clk 1:29:44]} Bg4 {[%clk 1:26:11]} 7. Bxf7+ {[%clk 1:29:55]} Kd7
{[%clk 1:25:43]} 8. h3 {[%clk 1:26:14]} Bxf3 {[%clk 1:22:49]} 9. Qxf3
{[%clk 1:26:43]} Nd4 {[%clk 1:21:03]} 10. Qg4+ {[%clk 1:25:20]} Kc7
{[%clk 1:19:50]} 11. Nd5+ {[%clk 1:23:11]} Kb8 12. Bxg8 {[%clk 1:23:09]} Rxg8
{[%clk 1:19:56]} 13. c3 {[%clk 1:23:03]} Nc6 {[%clk 1:20:09]} 14. d3
{[%clk 1:13:34]} Qc8 {[%clk 1:19:53]} 15. Qxc8+ {[%clk 1:10:00]} Kxc8
{[%clk 1:20:22]} 16. Bd2 {[%clk 1:02:27]} Kd7 {[%clk 1:16:32]} 17. g4
{[%clk 1:00:03]} Raf8 {[%clk 1:11:13]} 18. Rf2 {[%clk 0:57:24]} e6
{[%clk 1:09:35]} 19. Ne3 {[%clk 0:57:46]} Ne7 {[%clk 1:09:59]} 20. Raf1
{[%clk 0:56:58]} Rf7 {[%clk 1:07:50]} 21. f5 {[%clk 0:49:43]} gxf5
{[%clk 1:07:04]} 22. exf5 {[%clk 0:50:11]} exf5 {[%clk 1:07:00]} 23. Nxf5
{[%clk 0:50:29]} Nxf5 {[%clk 1:06:32]} 24. Rxf5 {[%clk 0:50:57]} Rxf5
{[%clk 1:05:03]} 25. Rxf5 {[%clk 0:51:24]} Re8 {[%clk 1:02:47]} 26. Kf2
{[%clk 0:49:17]} a6 {[%clk 1:01:23]} 27. Rf7+ {[%clk 0:42:21]} Re7
{[%clk 1:01:51]} 28. Rxe7+ {[%clk 0:42:44]} Kxe7 {[%clk 1:02:20]} 29. Kf3
{[%clk 0:43:03]} Ke6 {[%clk 1:02:42]} 30. Kf4 {[%clk 0:42:42]} d5
{[%clk 1:02:42]} 31. h4 {[%clk 0:42:57]} b5 {[%clk 1:03:00]} 32. b4
{[%clk 0:41:32]} c4 {[%clk 1:03:10]} 33. d4 {[%clk 0:39:15]} Kf6 {[%clk 0:59:48]}
34. g5+ {[%clk 0:39:34]} Kg6 {[%clk 0:59:35]} 35. Kg4 {[%clk 0:39:58]} Kf7
{[%clk 0:56:22]} 36. Kf5 {[%clk 0:40:17]} Ke7 {[%clk 0:53:33]} 37. h5
{[%clk 0:40:16]} Kf7 {[%clk 0:50:40]} 38. Bf4 Bh8 {[%clk 0:50:12]} 39. Be5
{[%clk 0:40:57]} Bxe5 {[%clk 0:50:03]} 40. Kxe5 {[%clk 0:41:25]} a5
{[%clk 0:50:19]} 41. a3 {[%clk 0:41:51]} 1-0

[Event "c14"]
[Site "?"]
[Date "2016.05.07"]
[Round "9.17"]
[White "Wierzbicki, Michal"]
[Black "Maciak, Jakub"]
[Result "0-1"]
[BlackElo "1465"]
[WhiteElo "1708"]
[LiveChessVersion "1.4.7"]

1. d4 {[%clk 1:30:58]} Nf6 {[%clk 1:30:42]} 2. Nf3 {[%clk 1:31:24]} e6
{[%clk 1:31:08]} 3. c4 {[%clk 1:31:43]} b6 {[%clk 1:31:05]} 4. a3
{[%clk 1:32:01]} Bb7 {[%clk 1:31:09]} 5. Nc3 {[%clk 1:32:11]} Be7
{[%clk 1:31:01]} 6. e3 {[%clk 1:30:59]} d6 {[%clk 1:30:45]} 7. Bd3
{[%clk 1:29:20]} Nbd7 {[%clk 1:30:52]} 8. O-O {[%clk 1:26:54]} O-O
{[%clk 1:31:09]} 9. Bc2 {[%clk 1:21:55]} Re8 {[%clk 1:28:57]} 10. b3
{[%clk 1:19:57]} c5 {[%clk 1:27:54]} 11. Bb2 {[%clk 1:17:56]} d5 {[%clk 1:26:31]}
12. cxd5 {[%clk 1:13:04]} exd5 {[%clk 1:26:17]} 13. Qd3 {[%clk 1:11:31]} Bd6
{[%clk 1:26:03]} 14. Qf5 {[%clk 0:56:36]} Nf8 {[%clk 1:22:59]} 15. Nb5
{[%clk 0:50:23]} Bc8 {[%clk 1:22:17]} 16. Qd3 {[%clk 0:49:10]} Ba6
{[%clk 1:22:12]} 17. a4 {[%clk 0:48:28]} Rc8 {[%clk 1:21:26]} 18. dxc5
{[%clk 0:42:33]} bxc5 {[%clk 1:17:49]} 19. Bxf6 {[%clk 0:39:42]} Qxf6
{[%clk 1:18:04]} 20. Qxd5 {[%clk 0:39:02]} Bb8 {[%clk 1:17:59]} 21. Qf5
{[%clk 0:38:07]} Qh6 {[%clk 1:17:34]} 22. Rfd1 {[%clk 0:33:23]} Bb7
{[%clk 1:16:25]} 23. h3 {[%clk 0:32:15]} Re6 {[%clk 1:09:51]} 24. Qg4
{[%clk 0:28:01]} Rce8 {[%clk 1:06:15]} 25. Nc3 {[%clk 0:17:11]} Rxe3
{[%clk 1:00:59]} 26. fxe3 {[%clk 0:16:03]} Qxe3+ {[%clk 1:00:59]} 27. Kh1
{[%clk 0:15:56]} Qxc3 {[%clk 1:01:13]} 28. Bd3 {[%clk 0:12:01]} Re3
{[%clk 0:59:57]} 29. Rac1 {[%clk 0:07:56]} Qf6 {[%clk 0:54:48]} 30. Bf5
{[%clk 0:03:02]} Qb2 {[%clk 0:50:53]} 31. Rb1 {[%clk 0:01:04]} Qc3
{[%clk 0:47:35]} 32. Rbc1 {[%clk 0:00:36]} Qa5 {[%clk 0:46:51]} 33. Rd3
{[%clk 0:00:32]} Qc7 {[%clk 0:45:35]} 34. Kg1 {[%clk 0:00:32]} Bxf3
{[%clk 0:45:37]} 35. Rxc5 {[%clk 0:00:31]} Qxc5 {[%clk 0:45:38]} 36. Bxh7+
{[%clk 0:00:44]} Kxh7 {[%clk 0:45:06]} 37. Qh4+ {[%clk 0:00:48]} Kg8
{[%clk 0:45:27]} 38. Rxe3 {[%clk 0:00:38]} Qxe3+ {[%clk 0:45:43]} 39. Qf2
{[%clk 0:01:06]} Bh2+ {[%clk 0:45:53]} 0-1

[Event "c14"]
[Site "?"]
[Date "2016.05.07"]
[Round "9.18"]
[White "Kopaczewski, Adam"]
[Black "Kucharski, Bartlomiej"]
[Result "1-0"]
[BlackElo "1667"]
[WhiteElo "1854"]
[LiveChessVersion "1.4.7"]

1. e4 {[%clk 1:30:58]} c6 {[%clk 1:30:36]} 2. d4 {[%clk 1:31:20]} d5
{[%clk 1:30:58]} 3. e5 {[%clk 1:31:42]} Bf5 {[%clk 1:31:13]} 4. h4
{[%clk 1:32:05]} h6 {[%clk 1:31:12]} 5. g4 {[%clk 1:32:31]} Bh7 {[%clk 1:31:36]}
6. e6 {[%clk 1:32:57]} Qd6 {[%clk 1:31:53]} 7. exf7+ {[%clk 1:33:18]} Kxf7
{[%clk 1:32:18]} 8. Bd3 {[%clk 1:30:43]} Bxd3 {[%clk 1:07:00]} 9. Qxd3
{[%clk 1:31:10]} e6 {[%clk 1:07:13]} 10. Ne2 {[%clk 1:29:22]} Nd7
{[%clk 1:05:02]} 11. Bf4 {[%clk 1:28:07]} Qb4+ {[%clk 1:01:22]} 12. Nbc3
{[%clk 1:22:42]} Ne7 {[%clk 0:52:41]} 13. O-O-O {[%clk 1:21:34]} Ng6
{[%clk 0:40:48]} 14. h5 {[%clk 1:21:18]} Ne7 {[%clk 0:34:25]} 15. Qf3
{[%clk 1:16:21]} Nf6 {[%clk 0:32:21]} 16. Be5 {[%clk 1:16:13]} Re8
{[%clk 0:30:41]} 17. Nf4 {[%clk 1:15:59]} c5 {[%clk 0:22:55]} 18. Nd3
{[%clk 1:14:32]} Qb6 {[%clk 0:20:44]} 19. Nxc5 {[%clk 1:14:37]} Nc6
{[%clk 0:20:34]} 20. Nd3 {[%clk 1:10:13]} Nxd4 {[%clk 0:16:51]} 21. Qf4
{[%clk 1:05:06]} Nb5 {[%clk 0:13:48]} 22. g5 {[%clk 1:04:29]} hxg5
{[%clk 0:13:19]} 23. Qxg5 {[%clk 1:04:54]} Rh6 {[%clk 0:12:19]} 24. Rdg1
{[%clk 0:58:41]} Nxc3 {[%clk 0:10:15]} 25. Bxc3 {[%clk 0:58:11]} Re7
{[%clk 0:09:05]} 26. Ne5+ {[%clk 0:56:18]} Ke8 {[%clk 0:08:29]} 27. Ng6
{[%clk 0:53:27]} Ne4 {[%clk 0:06:59]} 28. Qf4 {[%clk 0:40:06]} Nxc3
{[%clk 0:01:23]} 29. Qxf8+ {[%clk 0:40:24]} Ne4 1-0

[Event "c14"]
[Site "?"]
[Date "2016.05.07"]
[Round "9.19"]
[White "Paliwoda, Borys"]
[Black "Kopec, Norbert"]
[Result "1-0"]
[BlackElo "1558"]
[WhiteElo "1694"]
[LiveChessVersion "1.4.7"]

1. e4 {[%clk 1:30:57]} e5 {[%clk 1:30:54]} 2. Nf3 {[%clk 1:31:22]} Nc6
{[%clk 1:31:20]} 3. Nc3 {[%clk 1:31:47]} Nf6 {[%clk 1:31:15]} 4. Bb5
{[%clk 1:32:10]} Bc5 {[%clk 1:23:44]} 5. O-O {[%clk 1:31:13]} d6 {[%clk 1:23:16]}
6. Na4 {[%clk 1:13:59]} Bb6 {[%clk 1:05:02]} 7. Nxb6 {[%clk 1:13:42]} axb6
{[%clk 1:05:23]} 8. d4 {[%clk 1:10:44]} Bd7 {[%clk 1:01:00]} 9. d5
{[%clk 1:06:09]} Nb4 {[%clk 1:00:44]} 10. Bxd7+ {[%clk 1:05:01]} Qxd7
{[%clk 1:00:59]} 11. a3 {[%clk 1:03:18]} Nxe4 {[%clk 0:45:51]} 12. Bh6
{[%clk 0:55:24]} Na6 {[%clk 0:28:01]} 13. Bxg7 {[%clk 0:39:32]} Rg8
{[%clk 0:27:52]} 14. Bh6 {[%clk 0:38:39]} O-O-O {[%clk 0:15:37]} 15. Nd2
{[%clk 0:32:08]} Nxd2 {[%clk 0:05:39]} 16. Bxd2 {[%clk 0:31:57]} Qh3
{[%clk 0:04:44]} 17. g3 {[%clk 0:32:14]} Nc5 {[%clk 0:04:36]} 18. Qf3
{[%clk 0:31:26]} f5 {[%clk 0:04:03]} 19. Qg2 {[%clk 0:30:02]} Qh5
{[%clk 0:03:17]} 20. f4 {[%clk 0:27:32]} Ne4 {[%clk 0:02:55]} 21. Rad1
{[%clk 0:24:09]} Rg7 {[%clk 0:02:06]} 22. Qf3 {[%clk 0:23:41]} Qh3
{[%clk 0:01:41]} 23. Qg2 {[%clk 0:22:44]} Qh5 {[%clk 0:01:56]} 24. Qf3
{[%clk 0:22:28]} Qh3 {[%clk 0:00:48]} 25. Qg2 {[%clk 0:22:51]} Qh5
{[%clk 0:01:13]} 26. Qf3 {[%clk 0:22:40]} Qh4 {[%clk 0:00:49]} 27. Be1
{[%clk 0:19:33]} Rdg8 {[%clk 0:00:47]} 28. Kg2 {[%clk 0:18:25]} Rg6
{[%clk 0:00:37]} 29. fxe5 {[%clk 0:17:21]} Rg5 {[%clk 0:00:36]} 30. exd6
{[%clk 0:13:25]} Rh5 {[%clk 0:00:55]} 31. Rh1 {[%clk 0:13:03]} Qh3+
{[%clk 0:00:39]} 32. Kg1 {[%clk 0:13:27]} Ng5 {[%clk 0:00:42]} 33. Qc3
{[%clk 0:10:06]} c5 {[%clk 0:00:41]} 34. dxc6 {[%clk 0:10:07]} Ne6
{[%clk 0:00:52]} 35. Qe5 {[%clk 0:09:18]} Qg4 {[%clk 0:00:32]} 36. d7+
{[%clk 0:09:09]} Kd8 {[%clk 0:00:58]} 37. c7+ {[%clk 0:09:31]} Nxc7
{[%clk 0:01:24]} 38. Qf6# {[%clk 0:09:54]} 1-0

[Event "c14"]
[Site "?"]
[Date "2016.05.07"]
[Round "9.20"]
[White "Dixa, Oskar"]
[Black "Galuszka, Tomasz"]
[Result "1-0"]
[BlackElo "1586"]
[WhiteElo "1630"]
[LiveChessVersion "1.4.7"]

1. e4 {[%clk 1:30:57]} c6 {[%clk 1:30:56]} 2. d4 {[%clk 1:31:21]} d5
{[%clk 1:31:23]} 3. Nc3 {[%clk 1:31:22]} dxe4 {[%clk 1:31:51]} 4. Nxe4
{[%clk 1:31:30]} Bf5 {[%clk 1:32:14]} 5. Ng3 {[%clk 1:31:41]} Bg6
{[%clk 1:32:38]} 6. h4 {[%clk 1:31:26]} h6 {[%clk 1:33:04]} 7. f4
{[%clk 1:31:46]} e6 {[%clk 1:33:29]} 8. Nf3 {[%clk 1:32:08]} Nd7 {[%clk 1:33:50]}
9. h5 {[%clk 1:32:07]} Bh7 {[%clk 1:34:15]} 10. Bd3 {[%clk 1:31:02]} Bxd3
{[%clk 1:34:40]} 11. Qxd3 {[%clk 1:31:22]} Ngf6 {[%clk 1:35:05]} 12. Bd2
{[%clk 1:29:09]} Qc7 {[%clk 1:35:31]} 13. O-O-O {[%clk 1:26:08]} Bd6
{[%clk 1:35:57]} 14. Ne5 {[%clk 1:24:32]} c5 {[%clk 1:35:20]} 15. Rde1
{[%clk 1:07:04]} cxd4 {[%clk 1:25:05]} 16. Nxd7 {[%clk 1:06:48]} Nxd7
{[%clk 1:21:00]} 17. Qxd4 {[%clk 0:57:51]} Rc8 {[%clk 1:18:12]} 18. c3
{[%clk 0:53:26]} O-O {[%clk 1:14:26]} 19. Rhf1 {[%clk 0:52:28]} Bc5
{[%clk 1:08:26]} 20. Qd3 {[%clk 0:49:10]} Nb6 {[%clk 1:03:20]} 21. Ne4
{[%clk 0:39:21]} Rfd8 {[%clk 0:53:38]} 22. Qe2 {[%clk 0:38:05]} Na4
{[%clk 0:30:06]} 23. Qb5 {[%clk 0:33:37]} Qd7 {[%clk 0:24:07]} 24. Qxd7
{[%clk 0:33:07]} Rxd7 {[%clk 0:24:35]} 25. f5 {[%clk 0:33:07]} exf5
{[%clk 0:22:50]} 26. Rxf5 {[%clk 0:33:27]} Re7 {[%clk 0:16:29]} 27. b3
{[%clk 0:31:31]} Ba3+ {[%clk 0:15:51]} 28. Kc2 {[%clk 0:30:20]} Nc5
{[%clk 0:14:30]} 29. Nxc5 {[%clk 0:29:04]} Rxe1 {[%clk 0:14:39]} 30. Bxe1
{[%clk 0:24:14]} Bxc5 {[%clk 0:15:04]} 31. Bg3 {[%clk 0:22:27]} Be7
{[%clk 0:12:59]} 32. Kd3 {[%clk 0:19:11]} Bf6 {[%clk 0:09:35]} 33. c4
{[%clk 0:16:00]} Rd8+ {[%clk 0:08:27]} 34. Ke4 {[%clk 0:11:51]} Rd4+
{[%clk 0:08:13]} 35. Ke3 {[%clk 0:12:10]} Rd8 {[%clk 0:07:50]} 36. Ke4
{[%clk 0:08:59]} Rd4+ {[%clk 0:08:00]} 37. Ke3 {[%clk 0:09:22]} Rd8
{[%clk 0:08:10]} 38. Rb5 {[%clk 0:08:20]} b6 {[%clk 0:07:25]} 39. a4
{[%clk 0:08:21]} Bd4+ {[%clk 0:03:52]} 40. Ke2 {[%clk 0:06:04]} Bc5
{[%clk 0:03:45]} 41. b4 {[%clk 0:06:26]} a6 {[%clk 0:04:08]} 42. bxc5
{[%clk 0:06:48]} axb5 {[%clk 0:04:34]} 43. cxb6 {[%clk 0:07:12]} b4
{[%clk 0:03:43]} 44. Be1 {[%clk 0:06:50]} b3 {[%clk 0:02:44]} 45. Bc3
{[%clk 0:07:16]} Kf8 {[%clk 0:00:52]} 46. c5 {[%clk 0:06:54]} Ke7
{[%clk 0:00:42]} 47. c6 {[%clk 0:06:22]} Kd6 {[%clk 0:01:01]} 48. c7
{[%clk 0:06:08]} Re8+ {[%clk 0:01:29]} 49. Kd2 {[%clk 0:06:28]} Kc6
{[%clk 0:01:49]} 50. a5 {[%clk 0:06:41]} g6 {[%clk 0:01:47]} 51. Bf6
{[%clk 0:05:44]} Ra8 {[%clk 0:00:56]} 52. Kc3 {[%clk 0:02:31]} Kb7
{[%clk 0:00:32]} 53. Kb4 {[%clk 0:02:36]} Re8 {[%clk 0:00:34]} 54. Kb5
{[%clk 0:02:44]} Re6 {[%clk 0:00:42]} 55. a6+ {[%clk 0:02:26]} Kc8
{[%clk 0:01:07]} 56. a7 {[%clk 0:03:18]} 1-0

[Event "c14"]
[Site "?"]
[Date "2016.05.07"]
[Round "9.21"]
[White "Brzozowski, Pawel"]
[Black "Musiala, Jakub"]
[Result "1/2-1/2"]
[BlackElo "1629"]
[WhiteElo "1567"]
[LiveChessVersion "1.4.7"]

1. e4 {[%clk 1:30:58]} d6 {[%clk 1:30:53]} 2. d4 {[%clk 1:31:19]} Nf6
{[%clk 1:31:16]} 3. f3 {[%clk 1:31:38]} e5 {[%clk 1:31:09]} 4. dxe5
{[%clk 1:31:06]} dxe5 {[%clk 1:31:35]} 5. Qxd8+ {[%clk 1:31:06]} Kxd8
{[%clk 1:31:59]} 6. Bg5 {[%clk 1:30:59]} Be7 {[%clk 1:30:19]} 7. Bc4
{[%clk 1:30:50]} Be6 {[%clk 1:30:42]} 8. Nd2 {[%clk 1:28:38]} h6 {[%clk 1:30:18]}
9. Bh4 {[%clk 1:28:00]} Bd6 {[%clk 1:25:55]} 10. O-O-O {[%clk 1:27:45]} Ke7
{[%clk 1:26:06]} 11. Ne2 {[%clk 1:26:14]} Nc6 {[%clk 1:26:13]} 12. Nc3
{[%clk 1:22:46]} g5 {[%clk 1:21:50]} 13. Bf2 {[%clk 1:20:12]} a6 {[%clk 1:19:32]}
14. Bb3 {[%clk 1:07:37]} Na5 {[%clk 1:16:43]} 15. Rhe1 {[%clk 1:02:20]} Nxb3+
{[%clk 1:13:50]} 16. cxb3 {[%clk 1:02:39]} b5 {[%clk 1:13:22]} 17. Nf1
{[%clk 0:59:34]} Rhd8 {[%clk 0:56:15]} 18. Ne3 {[%clk 0:57:40]} Rac8
{[%clk 0:47:46]} 19. Re2 {[%clk 0:54:29]} b4 {[%clk 0:44:08]} 20. Ncd5+
{[%clk 0:47:39]} Nxd5 {[%clk 0:44:25]} 21. Nxd5+ {[%clk 0:45:42]} Bxd5
{[%clk 0:44:35]} 22. Rxd5 {[%clk 0:44:41]} c5 {[%clk 0:44:56]} 23. Rc2
{[%clk 0:43:57]} f6 {[%clk 0:27:51]} 24. Bxc5 {[%clk 0:41:56]} Bxc5
{[%clk 0:27:57]} 25. Rcxc5 {[%clk 0:38:30]} a5 {[%clk 0:20:51]} 26. Rxc8
{[%clk 0:37:14]} Rxc8+ {[%clk 0:21:17]} 27. Kd2 {[%clk 0:37:39]} Ra8
{[%clk 0:18:25]} 28. Kd3 {[%clk 0:36:46]} h5 {[%clk 0:17:44]} 29. a3
{[%clk 0:32:49]} g4 {[%clk 0:17:32]} 30. fxg4 {[%clk 0:26:27]} hxg4
{[%clk 0:17:55]} 31. h3 {[%clk 0:25:17]} gxh3 {[%clk 0:18:11]} 32. gxh3
{[%clk 0:25:39]} Rh8 {[%clk 0:18:09]} 33. Kc4 {[%clk 0:15:38]} Rxh3
{[%clk 0:17:40]} 34. Rxa5 {[%clk 0:13:47]} bxa3 {[%clk 0:16:46]} 35. bxa3
{[%clk 0:13:46]} Re3 {[%clk 0:17:03]} 36. Rd5 {[%clk 0:13:02]} Rxe4+
{[%clk 0:16:52]} 37. Kd3 {[%clk 0:12:22]} Ke6 {[%clk 0:12:19]} 38. Rd6+
{[%clk 0:10:15]} Kxd6 {[%clk 0:12:16]} 39. Kxe4 {[%clk 0:10:36]} Kc5
{[%clk 0:12:20]} 40. a4 {[%clk 0:10:44]} Kc6 {[%clk 0:07:37]} 41. b4
{[%clk 0:10:52]} Kd6 {[%clk 0:07:27]} 42. a5 {[%clk 0:10:57]} Kc6
{[%clk 0:07:49]} 43. a6 {[%clk 0:11:15]} Kb6 {[%clk 0:08:17]} 44. b5
{[%clk 0:11:38]} Ka7 {[%clk 0:08:42]} 45. Kf5 {[%clk 0:10:58]} 1/2-1/2

[Event "c14"]
[Site "?"]
[Date "2016.05.07"]
[Round "9.22"]
[White "Skowron, Mateusz"]
[Black "Bojczewski, Mateusz"]
[Result "1/2-1/2"]
[BlackElo "1319"]
[WhiteElo "1508"]
[LiveChessVersion "1.4.7"]

1. e4 {[%clk 1:30:55]} e5 {[%clk 1:30:50]} 2. Nf3 {[%clk 1:31:20]} Nc6
{[%clk 1:31:04]} 3. Bb5 {[%clk 1:31:43]} a6 {[%clk 1:29:17]} 4. Ba4
{[%clk 1:31:26]} Nf6 {[%clk 1:27:08]} 5. d3 {[%clk 1:30:25]} d6 {[%clk 1:25:40]}
6. O-O {[%clk 1:29:11]} b5 {[%clk 1:23:13]} 7. Bb3 {[%clk 1:29:01]} Be7
{[%clk 1:21:07]} 8. c3 {[%clk 1:25:42]} O-O {[%clk 1:19:03]} 9. Nbd2
{[%clk 1:20:30]} Re8 {[%clk 1:16:02]} 10. Re1 {[%clk 1:17:32]} Bf8
{[%clk 1:14:09]} 11. Nf1 {[%clk 1:12:22]} Bb7 {[%clk 1:07:38]} 12. Ng3
{[%clk 1:07:47]} g6 {[%clk 1:00:19]} 13. Ng5 {[%clk 0:56:45]} Re7
{[%clk 0:53:42]} 14. h4 {[%clk 0:52:33]} Bg7 {[%clk 0:44:13]} 15. h5
{[%clk 0:47:47]} Nb8 {[%clk 0:34:30]} 16. hxg6 {[%clk 0:34:34]} hxg6
{[%clk 0:34:26]} 17. Nf1 {[%clk 0:30:52]} Nbd7 {[%clk 0:25:43]} 18. Nh2
{[%clk 0:27:22]} Nf8 {[%clk 0:17:59]} 19. Ng4 {[%clk 0:23:49]} N8h7
{[%clk 0:17:38]} 20. Nxh7 {[%clk 0:22:10]} Nxh7 {[%clk 0:17:08]} 21. Qf3
{[%clk 0:20:16]} Bc8 {[%clk 0:14:38]} 22. Nh6+ {[%clk 0:18:44]} Bxh6
{[%clk 0:13:59]} 23. Bxh6 {[%clk 0:19:09]} Be6 {[%clk 0:12:53]} 24. Qg3
{[%clk 0:17:33]} Bxb3 {[%clk 0:12:04]} 25. axb3 {[%clk 0:17:57]} Re6
{[%clk 0:11:47]} 26. Be3 {[%clk 0:16:47]} Qf6 {[%clk 0:09:32]} 27. b4
{[%clk 0:16:05]} c6 {[%clk 0:08:56]} 28. Ra5 {[%clk 0:16:00]} d5 {[%clk 0:09:13]}
29. exd5 {[%clk 0:15:30]} cxd5 {[%clk 0:09:25]} 30. Rea1 {[%clk 0:14:42]} Rc8
{[%clk 0:06:49]} 31. Qh3 {[%clk 0:13:42]} d4 {[%clk 0:05:11]} 32. Bd2
{[%clk 0:13:21]} dxc3 {[%clk 0:05:32]} 33. bxc3 {[%clk 0:13:35]} Rcc6
{[%clk 0:05:24]} 34. Qh6 {[%clk 0:12:22]} Qf5 {[%clk 0:04:16]} 35. Rxb5
{[%clk 0:10:52]} Rf6 {[%clk 0:03:14]} 36. Rb8+ {[%clk 0:09:32]} Rc8
{[%clk 0:03:35]} 37. Rxc8+ {[%clk 0:09:37]} Qxc8 {[%clk 0:04:01]} 38. Qe3
{[%clk 0:09:18]} Qf5 {[%clk 0:02:46]} 39. Ra5 {[%clk 0:08:43]} Re6
{[%clk 0:02:57]} 40. Rd5 {[%clk 0:07:15]} g5 {[%clk 0:01:33]} 41. f3
{[%clk 0:07:10]} Kg7 {[%clk 0:01:44]} 42. Qe4 {[%clk 0:05:52]} Qxe4
{[%clk 0:01:30]} 43. dxe4 {[%clk 0:05:58]} f6 {[%clk 0:01:45]} 44. Be3
{[%clk 0:05:54]} Rc6 {[%clk 0:01:43]} 45. Bc5 {[%clk 0:05:50]} Nf8
{[%clk 0:01:56]} 46. g4 {[%clk 0:04:16]} Ne6 {[%clk 0:02:07]} 47. Rd6
{[%clk 0:04:06]} Rxd6 {[%clk 0:01:52]} 48. Bxd6 {[%clk 0:04:32]} Nd8
{[%clk 0:02:13]} 49. Kf2 {[%clk 0:03:29]} Kf7 {[%clk 0:02:30]} 50. Ke3
{[%clk 0:03:23]} Ke6 {[%clk 0:02:55]} 51. Bc7 {[%clk 0:02:57]} Nb7
{[%clk 0:03:04]} 52. Kd3 {[%clk 0:02:39]} Kd7 {[%clk 0:03:13]} 53. Ba5
{[%clk 0:02:37]} Kc6 {[%clk 0:03:04]} 54. Kc4 {[%clk 0:02:49]} Nd6+
{[%clk 0:03:30]} 55. Kb3 {[%clk 0:02:50]} Kb5 {[%clk 0:02:40]} 56. Bd8
{[%clk 0:02:26]} Nc4 {[%clk 0:01:55]} 57. Bxf6 {[%clk 0:02:43]} Nd2+
{[%clk 0:02:18]} 58. Kc2 {[%clk 0:02:32]} Nxf3 {[%clk 0:02:43]} 59. Kd3
{[%clk 0:01:38]} Nh2 {[%clk 0:01:52]} 60. Bxg5 {[%clk 0:01:32]} Nxg4
{[%clk 0:02:13]} 61. Be3 {[%clk 0:01:23]} Nf6 {[%clk 0:01:22]} 62. Bc5
{[%clk 0:01:16]} a5 {[%clk 0:01:33]} 63. c4+ {[%clk 0:00:49]} Kc6
{[%clk 0:01:23]} 64. Be7 {[%clk 0:01:02]} Ng8 {[%clk 0:01:38]} 65. Bf8 axb4
{[%clk 0:01:43]} 66. Bxb4 {[%clk 0:01:19]} Nf6 {[%clk 0:01:50]} 67. Be7
{[%clk 0:01:24]} Ng4 {[%clk 0:02:00]} 68. Bh4 {[%clk 0:01:41]} Kc5
{[%clk 0:02:18]} 69. Bg3 {[%clk 0:01:54]} Kb4 {[%clk 0:02:28]} 70. Bh4
{[%clk 0:01:46]} Kc5 {[%clk 0:02:25]} 71. Be1 {[%clk 0:01:42]} Nf6
{[%clk 0:02:05]} 72. Bg3 {[%clk 0:01:53]} Nxe4 {[%clk 0:02:06]} 73. Bxe5
{[%clk 0:01:51]} Nd6 {[%clk 0:01:45]} 74. Bxd6+ {[%clk 0:02:00]} Kxd6
{[%clk 0:02:08]} 75. Kd4 {[%clk 0:02:18]} Kc6 {[%clk 0:02:26]} 76. c5
{[%clk 0:02:40]} Kc7 {[%clk 0:02:51]} 77. Kd5 {[%clk 0:02:59]} Kd7
{[%clk 0:03:17]} 78. c6+ {[%clk 0:03:24]} Kc7 {[%clk 0:03:43]} 79. Kc5
{[%clk 0:03:37]} Kc8 {[%clk 0:04:07]} 80. Kd6 {[%clk 0:03:56]} Kd8
{[%clk 0:04:32]} 81. c7+ 1/2-1/2

[Event "c14"]
[Site "?"]
[Date "2016.05.07"]
[Round "9.23"]
[White "Rogala, Milosz"]
[Black "Maciejewski, Kamil"]
[Result "1/2-1/2"]
[BlackElo "1656"]
[WhiteElo "1561"]
[LiveChessVersion "1.4.7"]

1. e4 {[%clk 1:30:51]} e6 {[%clk 1:30:51]} 2. d4 {[%clk 1:31:10]} d5
{[%clk 1:31:16]} 3. Nc3 {[%clk 1:31:24]} Nf6 {[%clk 1:31:16]} 4. e5
{[%clk 1:31:32]} Nfd7 {[%clk 1:31:24]} 5. f4 {[%clk 1:31:30]} c5 {[%clk 1:31:17]}
6. Nf3 {[%clk 1:31:24]} Nc6 {[%clk 1:31:14]} 7. Be3 {[%clk 1:30:30]} cxd4
{[%clk 1:27:29]} 8. Nxd4 {[%clk 1:29:16]} Bc5 {[%clk 1:26:01]} 9. Qd2
{[%clk 1:28:46]} Bxd4 {[%clk 1:23:12]} 10. Bxd4 {[%clk 1:28:08]} Nxd4
{[%clk 1:22:43]} 11. Qxd4 {[%clk 1:28:05]} Qb6 {[%clk 1:21:51]} 12. Nb5
{[%clk 1:24:54]} Qxd4 {[%clk 1:19:54]} 13. Nxd4 {[%clk 1:25:11]} Ke7
{[%clk 1:16:45]} 14. Kd2 {[%clk 1:18:05]} Nc5 {[%clk 1:04:47]} 15. Bd3
{[%clk 1:17:56]} Bd7 {[%clk 0:56:54]} 16. Rhe1 {[%clk 1:14:20]} Rhg8
{[%clk 0:50:23]} 17. g3 {[%clk 1:10:10]} h6 {[%clk 0:41:21]} 18. Rac1
{[%clk 1:04:32]} Rac8 {[%clk 0:34:25]} 19. Ke3 {[%clk 0:56:11]} a6
{[%clk 0:26:43]} 20. b3 {[%clk 0:48:45]} b5 {[%clk 0:22:15]} 21. a3
{[%clk 0:43:24]} g6 {[%clk 0:17:39]} 22. Rg1 {[%clk 0:41:26]} Nb7
{[%clk 0:14:02]} 23. h4 {[%clk 0:39:03]} h5 {[%clk 0:11:04]} 24. Rge1
{[%clk 0:38:16]} Na5 {[%clk 0:10:56]} 25. Red1 {[%clk 0:37:29]} Rc7
{[%clk 0:09:53]} 26. Kd2 {[%clk 0:36:47]} Rgc8 {[%clk 0:09:23]} 27. Re1
{[%clk 0:36:47]} Nc6 {[%clk 0:08:24]} 28. Ke3 {[%clk 0:36:03]} Nxd4
{[%clk 0:08:02]} 29. Kxd4 {[%clk 0:36:25]} a5 {[%clk 0:07:02]} 30. Re2
{[%clk 0:34:10]} Rc3 {[%clk 0:06:15]} 31. Ra1 {[%clk 0:34:28]} R3c7
{[%clk 0:05:01]} 32. Ra2 {[%clk 0:34:43]} Rb8 {[%clk 0:03:50]} 33. Ra1
{[%clk 0:35:01]} Rb6 {[%clk 0:03:03]} 34. Ra2 {[%clk 0:34:16]} Bc8
{[%clk 0:02:58]} 35. b4 {[%clk 0:32:48]} a4 {[%clk 0:00:33]} 36. Ra1
{[%clk 0:33:05]} Bd7 {[%clk 0:00:40]} 37. Ra2 {[%clk 0:32:59]} Rb8
{[%clk 0:00:42]} 38. Ra1 {[%clk 0:33:17]} Rbc8 {[%clk 0:00:34]} 39. Ra2
{[%clk 0:33:30]} Rc3 {[%clk 0:00:33]} 40. Ra1 {[%clk 0:33:44]} R3c7
{[%clk 0:00:37]} 41. Ra2 {[%clk 0:34:06]} 1/2-1/2